000 00424nam a22001697a 4500
005 20160527120211.0
008 160527b xxu||||| |||| 00| 0 eng d
020 _a81-7992-314-2
041 _aeng
082 _b5507
100 _aMohanty R.P & Deshmust
_91380
245 _aEssantials of Supply Chain Mgt.
260 _aNew Delhi
_bAcademic Faundation
_c2009
300 _a352
650 _aManagement
_9241
942 _cBK
999 _c1956
_d1955